000 01135cab a22002055a 4500
001 L141652
008 071210s2007 xxkd f s 000 0 eng d
035 _a(Sirsi) u141652
041 _aeng
110 2 _aHome Builders Federation
_94896
245 0 0 _aHBF regional survey of house builders
_bSeptember 2007
260 _c2007
490 _aHousing Market Report
_v(184) October 2007, 7-12(6)
520 _aFinds that the number of site visitors and net reservations were significantly lower than those in September 2006. Visitor and reservation numbers both fell from their August 2007 levels. Industry optimism over new home sales growth also declined. New home prices fell, and it was found that a quarter of house builders expect prices to fall over the next year. House builders are showing increased concern over buyer confidence, as well as mortgage rates and terms. Planning delays remain the biggest constraint on production.
590 _aKA
650 2 4 _aHBF REGIONAL SURVEY OF HOUSE BUILDERS
651 4 _aEngland and Wales
_y1543-
690 _aPROPERTY-RESIDENTIAL PROPERTY-RESIDENTIAL PROPERTY MARKET
942 _n0
999 _c79558
_d79558